Представление документа в формате RUSMARC

ПолеНазваниеЗначение
  Тип записи a
  Библиографический уровень m
001 Контрольный номер RU/УОНБ/EK/671728856
005 Дата корректировки 20251209135437.2
010 Индекс ISBN __
d Цена 11 р.
9 Тираж 150000 экз.
b Уточнения в пер.
100 Данные общей обработки __
a Данные общей обработки 20210414d1955 u y0rusy0189||||ca
101 Язык документа 0_
a Язык текста rus
102 Страна публикации __
a Страна публикации RU
105 Кодированные данные (монография) __
a Кодированные данные (монография) a z 000ay
200 Заглавие и сведения об ответственности 1_
a Заглавие Т. 1
f Первые сведения об ответственности подгот. текста и примеч. Н.В. Алексеевой ; вспуп. ст. В.П. Друзина, Н.И. Соколова
210 Выходные данные __
d Дата издания 1955
c Издательство Гослитиздат, [Ленинградское отд-ние]
a Место издания Гослитиздат, [Ленинградское отделение]
215 Физическое описание __
a Объем 544 с.
c Иллюстрации/тип воспроизводства ил.
327 Примечание о содержании __
a Примечание о содержании Содерж.: Нравы Растеряевой улицы ; Растеряевские типы и сцены ; Столичная беднота ; Мелочи ; Очерки и рассказы (1862-1866)
461 Уровень набора _0
1 001RU/УОНБ/EK/671724671
1 2001
a Собрание сочинений
e в 9 т.
f Г.И. Успенский
g под общ. ред. В.П. Друзина
v Т. 1
1 2101
a М.
c Гослитиздат, [Ленингр. отд-ние]
d 1955 -
606 Тематические рубрики 0_
a Основная рубрика Проза (х. л.)
610 Ключевые слова 0_
a Ключевые слова проза русская
686 Индексы других классификаций __
a Классификационный индекс 84Р1
2 Код системы rubbk
702 Вторичная интеллектуальная ответственность _1
a Фамилия Друзин
b Имя (инициалы) В.П.
4 Код отношения 080
702 Вторичная интеллектуальная ответственность _1
a Фамилия Соколов
b Имя (инициалы) Н.И.
4 Код отношения 080
702 Вторичная интеллектуальная ответственность _1
a Фамилия Алексеева
b Имя (инициалы) Н.В.
4 Код отношения 080
4 Код отношения 570
801 Источник записи _0
a Страна RU
b Организация Ульяновская ОНБ
c Дата составления 20210414
g Правила каталогизации RCR
801 Источник записи _1
a Страна RU
b Организация Ульяновская ОНБ
c Дата составления 20210414
g Правила каталогизации RCR
901 Тип документа __
t Тип документа n
w Контрольный № источника RU/УОНБ/EK/671724671
909 Создатель записи __
a Создатель записи Пряхина
938 Служебная информация __
a Имя БД retro
b Имя библиотеки УОНБ
c Имя АИБС МАРК-SQL
d Номер DOC_ID в БД 364074